00244nam a2200097Ia 4500008004100000100001600041245004300057260003000100300000800130650000800138191201s2010 xx 000 0 und d aPANDEY,I.M. 0aFinancial Management MBA-2.21 DE SEM-2 aN. delhibVikas Pubc2010 a300 aMBA